|
|
|
|
| LEADER |
02370nam a2200625 a 4500 |
| 001 |
nkc20092010488 |
| 003 |
CZ PrNK |
| 005 |
20100713091018.0 |
| 007 |
ta |
| 008 |
091111s2009 xr f 000 0 eng |
| 015 |
|
|
|a cnb002010488
|
| 020 |
|
|
|a 978-80-7343-197-6
|q (Centrum pro ekonomický výzkum a doktorské studium UK ;
|q brož.)
|
| 020 |
|
|
|a 978-80-7344-186-9
|q (Národohospodářský ústav AV ČR ;
|q brož.)
|
| 035 |
|
|
|a (OCoLC)655136815
|
| 040 |
|
|
|a BOA001
|b cze
|d ABA001
|
| 041 |
0 |
|
|a eng
|b cze
|
| 072 |
|
7 |
|a 330.5+338
|x Národní hospodářství a hospodářská politika
|2 Konspekt
|9 4
|
| 080 |
|
|
|a 330.565
|2 MRF
|
| 080 |
|
|
|a 330.564.2
|2 MRF
|
| 080 |
|
|
|a 316.356.4
|2 MRF
|
| 080 |
|
|
|a 316.35
|2 MRF
|
| 080 |
|
|
|a 33:351.71
|2 MRF
|
| 080 |
|
|
|a 519.86/.87
|2 MRF
|
| 080 |
|
|
|a (048.8)
|2 MRF
|
| 100 |
1 |
|
|a Tsuchimoto, Fusako,
|d 1978-
|7 mzk2010579104
|4 aut
|
| 245 |
1 |
2 |
|a A theory of ethnic diversity and income distribution /
|c Fusako Tsuchimoto
|
| 260 |
|
|
|a Prague :
|b CERGE-EI,
|c 2009
|
| 300 |
|
|
|a 31 s. ;
|c 21 cm
|
| 490 |
1 |
|
|a Working paper series,
|x 1211-3298 ;
|v 395
|
| 500 |
|
|
|a Pod názvem: OPPA, Evropský sociální fond, Praha & EU: investujeme do vaší budoucnosti
|
| 504 |
|
|
|a Obsahuje bibliografii a bibliografické odkazy
|
| 546 |
|
|
|a České resumé
|
| 650 |
0 |
7 |
|a přerozdělování
|7 ph274380
|2 czenas
|
| 650 |
0 |
7 |
|a příjmy
|7 ph124928
|2 czenas
|
| 650 |
0 |
7 |
|a etnické skupiny
|7 ph114489
|2 czenas
|
| 650 |
0 |
7 |
|a sociální skupiny
|7 ph125811
|2 czenas
|
| 650 |
0 |
7 |
|a veřejná volba
|7 ph127077
|2 czenas
|
| 650 |
0 |
7 |
|a modelování a simulace
|7 ph125543
|2 czenas
|
| 650 |
0 |
9 |
|a resource allocation
|2 eczenas
|
| 650 |
0 |
9 |
|a income
|2 eczenas
|
| 650 |
0 |
9 |
|a ethnic groups
|2 eczenas
|
| 650 |
0 |
9 |
|a social groups
|2 eczenas
|
| 650 |
0 |
9 |
|a public choice
|2 eczenas
|
| 650 |
0 |
9 |
|a modeling and simulation
|2 eczenas
|
| 655 |
|
7 |
|a studie
|7 fd133597
|2 czenas
|
| 655 |
|
9 |
|a studies
|2 eczenas
|
| 710 |
2 |
|
|a Operační program Praha - Adaptabilita
|7 kn20100616002
|
| 830 |
|
0 |
|a Working paper series (CERGE-EI)
|0 s
|
| 910 |
2 |
|
|a BOA001
|b 2-1241.514
|
| 928 |
9 |
|
|a Národohospodářský ústav AV ČR
|
| 928 |
9 |
|
|a Univerzita Karlova, Centrum pro ekonomický výzkum a doktorské studium
|
| 990 |
|
|
|a BK
|
| 995 |
|
|
|a 01
|
| 991 |
|
|
|b 201006
|c NOV
|
| 996 |
6 |
|
|b 2610438351
|c 2-1241.514
|l MZK
|r Sklad / do 1 hodiny
|n 0
|p p.v.
|w 001124443
|u 000010
|a 1
|e BOA001
|j MZK50
|s P
|